000 00746nam a2200289Ia 4500
005 20260324122141.0
008 008 260324s9999 xx 000 0 eng d
020 _a9780203522813
037 _aEBOOK
040 _aCRL
040 _beng
040 _cCRL
041 _2eng
041 _aeng
084 _qCRL
100 _aMargaret Price; Stephen Merry; David Carless; Maddalena Taras
_91165311
245 0 _aReconceptualising Feedback in Higher Education
245 0 _bDeveloping dialogue with students
260 _bTaylor and Francis
260 _c2013
365 _a
365 _b230
856 _uhttp://www.taylorfrancis.com/books/9780203522813
942 _cEBOOK
999 _c1757839
_d1757839